Fr. Conceicao Rodrigues College of Engineering

Bonsai Kitten (Record no. 34734)

MARC details
000 -LEADER
fixed length control field 00283nam a2200145Ia 4500
082 ## - DEWEY DECIMAL CLASSIFICATION NUMBER
Classification number 808.8
Item number LAK
100 ## - MAIN ENTRY--PERSONAL NAME
Personal name Lakshmi Narayan
245 ## - TITLE STATEMENT
Title Bonsai Kitten
260 ## - PUBLICATION, DISTRIBUTION, ETC.
Name of publisher, distributor, etc. Jufic Book
Date of publication, distribution, etc. 2012
300 ## - PHYSICAL DESCRIPTION
Extent 295
546 ## - LANGUAGE NOTE
Language note ENGLISH
650 ## - SUBJECT ADDED ENTRY--TOPICAL TERM
Topical term or geographic name entry element Fiction
942 ## - ADDED ENTRY ELEMENTS (KOHA)
Koha item type BOOK
Holdings
Withdrawn status Lost status Damaged status Not for loan Collection Home library Current library Date acquired Total Checkouts Full call number Barcode Date last seen Date last checked out Price effective from Koha item type
        CRC Fr. Agnel's C.Rodrigues College of Engineering AGNEL TECHNICAL COLLEGE LIBRARY 17/03/2023 1 808.8 LAK 23021 11/12/2023 05/10/2023   BOOK